000 00271nam a2200109Ia 4500
008 190216s9999||||xx |||||||||||||| ||und||
100 _aDurai Pandian.P
245 0 _aAlgebra And Calculus Of Vectors
260 _bViswanathan Pvt.Ltd
650 _aMathematics
942 _cBK
999 _c30571
_d30571